| 000 | 00609nam a2200205 u 4500 | ||
|---|---|---|---|
| 005 | 20210223131830.0 | ||
| 008 | 120928s2005 ag r 000 0 spa d | ||
| 020 | _a9872084793 | ||
| 035 | _aUPN01000186867 | ||
| 049 | _aI | ||
| 050 | 4 |
_aPQ7798.419 A6.6 _bN3.7 |
|
| 100 | 1 |
_aIannamico, Roberta, _d1972- _933216 |
|
| 245 | 1 | 0 |
_aNariz de higo / _cRoberta Iannamico ; il. Bianki. |
| 260 |
_aBuenos Aires : _bPequeño Editor, _c2005. |
||
| 300 |
_a28 p. : _bprincipalmente il. col. |
||
| 440 | 0 | _aIncluso los grandes | |
| 650 | 4 |
_aPOESIA INFANTIL ARGENTINA _911596 |
|
| 905 | _aInfantil | ||
| 999 |
_c158970 _d158970 |
||